Capital Cities South of Ottawa, Reykjavik, Helsinki, Moscow, Astana, Ulaan Baatar - Statistics

General Stats
  • This quiz has been taken 63 times
  • The average score is 14 of 44
Answer Stats
CAPITAL % Correct
Vilnius (178º)
50%
Athens (182º)
44%
Pretoria (178.1º)
44%
Bucharest (177.4º)
42%
Dakar (176.3º)
42%
Banjul (175.7º)
40%
Nassau (183.7º)
40%
Amman (182.8º)
38%
Bogota (178º)
38%
Lima (181.2º)
38%
Jerusalem (184º)
37%
Kingston (181.9º)
37%
Nairobi (180.6º)
37%
Singapore (183.2º)
37%
Sofia (183.2º)
37%
Beirut (183.8º)
35%
Jakarta (180º)
35%
Praia (181.3º)
35%
Quito (183.1º)
35%
Damascus (182.3º)
33%
Santiago (176.6º)
33%
Addis Ababa (178.8º)
31%
Asmara (178.5º)
31%
Hanoi (181.7º)
31%
Maputo (175.7º)
31%
Maputo (183º)
31%
Kigali (176.2º)
29%
Bissau (175º)
27%
Harare (176.2º)
27%
Harare (184.3º)
27%
Kampala (184.2º)
27%
Phnom Penh (182.6º)
27%
Bujumbura (176.7º)
25%
Dodoma (181.4º)
25%
Lusaka (177.8º)
25%
Islamabad (176.1º)
23%
Maseru (178.6º)
23%
Gaborone (179.4º)
19%
Lilongwe (182.6º)
19%
Mbabane (176.5º)
19%
Mbabane (183.9º)
19%
Male (177.8º)
13%
Windhoek (184.5º)
13%
Moroni (175.9º)
8%
No matching quizzes found
Score Distribution
Percent of People with Each Score
Percentile by Number Answered
Your Score History
You have not taken this quiz